[Event "Let's Play Chess!"]
[Site "http://www.queenalice.com/game.php?id=1268373"]
[Date "2014.3.27"]
[Round "-"]
[White "zana"]
[Black "MarKo85"]
[Result "1-0"]
[WhiteElo "1500"]
[BlackElo "1677"]

1. d4 d5 2. c4 Nf6 3. Nf3 e6 4. c5 c6 5. Nc3 Nbd7 6. e3 b6 7. b4 bxc5 8. Qa4 Bb7
9. bxc5 Be7 10. Qb4 Rb8 11. Qa4 a5 12. Qc2 O-O 13. a4 Ne4 14. Nxe4 dxe4 15. Qxe4
Nf6 16. Qh4 Nd5 17. Qe4 f5 18. Qxe6+ 1-0

[Event "Let's Play Chess!"]
[Site "http://www.queenalice.com/game.php?id=1268432"]
[Date "2014.3.29"]
[Round "-"]
[White "igorjava"]
[Black "zana"]
[Result "1-0"]
[WhiteElo "1853"]
[BlackElo "1672"]

1. e4 c5 2. Nf3 Nc6 3. c3 Nf6 4. Qc2 e5 5. Be2 d5 6. exd5 Qxd5 7. O-O e4 8. Ne1
Bd6 9. d3 Qe5 10. g3 h5 11. dxe4 h4 12. Bf4 Qe6 13. Bxd6 Qxd6 14. Nf3 Ng4 15. e5
Ncxe5 16. Nxh4 Bd7 17. Rd1 Qc6 18. Re1 Qd6 19. Nf5 Qg6 20. Bxg4 f6 21. Nd6+ Kd8
22. Qxg6 Nxg6 23. Nf7+ Kc7 24. Nxh8 Rxh8 25. Bxd7 Kxd7 26. Nd2 Kc8 27. Ne4 Rd8
28. Nxc5 Ne5 29. Kg2 Rd2 30. b3 g5 31. h3 Kc7 32. Ne4 Nd3 33. Nxd2 Nxe1+ 34.
Rxe1 1-0

[Event "AUTO-OPEN-3221"]
[Site "http://www.queenalice.com/game.php?id=1268525"]
[Date "2014.3.27"]
[Round "1"]
[White "FabioDavid"]
[Black "zana"]
[Result "1-0"]
[WhiteElo "2526"]
[BlackElo "1644"]

1. e4 e5 2. Nf3 Nf6 3. Nxe5 Nxe4 4. Qe2 Qe7 5. Qxe4 f6 6. d4 d6 7. Nc3 dxe5 8.
Nd5 Qd6 9. dxe5 fxe5 10. Bg5 Be6 11. O-O-O Qc6 12. Bb5 Bxd5 13. Qxe5+ Kf7 14.
Bxc6 Bxc6 15. Qf5+ Kg8 16. Qe6# 1-0

[Event "AUTO-OPEN-3221"]
[Site "http://www.queenalice.com/game.php?id=1268526"]
[Date "2014.3.27"]
[Round "1"]
[White "zana"]
[Black "FabioDavid"]
[Result "0-1"]
[WhiteElo "1854"]
[BlackElo "2554"]

1. Nf3 d5 2. e3 Nf6 3. g3 c5 4. d3 Nc6 5. Bg2 e5 6. O-O h6 7. Qe2 Be7 8. c3 O-O
9. b3 e4 10. Ne1 Bg4 11. Qd2 Qd7 12. Nc2 Bh3 13. d4 Rad8 14. b4 cxd4 15. cxd4
Bxg2 16. Kxg2 Nh7 17. b5 Ng5 18. Kh1 Qh3 19. Qe2 Nf3 20. Qxf3 exf3 21. Rg1 Nb8
22. Ne1 Rd6 23. Nxf3 Rf6 24. Nbd2 Bb4 25. Rb1 Bxd2 26. Bxd2 Rxf3 27. Be1 Rc8 28.
Rb2 Nd7 29. a4 Nf6 30. b6 a6 31. Rb1 Rc2 32. Rg2 Ng4 33. Rb3 Nxh2 34. Kg1 Rc1
35. Rxh2 Rxe1# 0-1

[Event "AUTO-OPEN-3221"]
[Site "http://www.queenalice.com/game.php?id=1268545"]
[Date "2014.3.27"]
[Round "1"]
[White "Fauquinelle"]
[Black "zana"]
[Result "1-0"]
[WhiteElo "1942"]
[BlackElo "1500"]

1. e4 e5 2. f4 exf4 3. Nf3 g5 4. h4 g4 5. Ne5 h5 6. Bc4 Nh6 7. d4 d6 8. Nd3 Nd7
9. Bxf4 b6 10. Nc3 Bb7 11. Qe2 Qe7 12. Nd5 Bxd5 13. Bxd5 O-O-O 14. Ne5 dxe5 15.
Qa6+ Kb8 16. Qb7# 1-0

[Event "AUTO-OPEN-3221"]
[Site "http://www.queenalice.com/game.php?id=1268546"]
[Date "2014.3.27"]
[Round "1"]
[White "zana"]
[Black "Fauquinelle"]
[Result "0-1"]
[WhiteElo "1500"]
[BlackElo "1944"]

1. g3 e5 2. Nf3 Nc6 3. Bg2 d5 4. e3 Bg4 5. O-O e4 6. d4 exf3 7. Bxf3 Bxf3 8.
Qxf3 Nf6 9. Nc3 Qd7 10. Na4 Nb4 11. Nc5 Bxc5 12. dxc5 Nxc2 13. Rb1 Nb4 14. Bd2
Nd3 15. b4 Ne5 16. Qf4 Ng6 17. Qg5 h6 0-1

[Event "AUTO-OPEN-3221"]
[Site "http://www.queenalice.com/game.php?id=1268557"]
[Date "2014.3.27"]
[Round "1"]
[White "zana"]
[Black "mennecy91"]
[Result "0-1"]
[WhiteElo "1703"]
[BlackElo "2168"]

1. Nc3 c5 2. Nf3 d5 3. d4 cxd4 4. Qxd4 Nf6 5. e3 Bf5 6. Bb5+ Nc6 7. Qa4 Qc7 8.
Qb3 e6 9. Ne5 Qxe5 10. Bd2 Be7 11. f4 Qc7 12. O-O-O O-O 13. g3 a6 14. Be2 Ne4
15. Nxe4 Bxe4 16. Rhg1 Rac8 0-1

[Event "AUTO-OPEN-3221"]
[Site "http://www.queenalice.com/game.php?id=1268558"]
[Date "2014.3.27"]
[Round "1"]
[White "mennecy91"]
[Black "zana"]
[Result "1-0"]
[WhiteElo "2167"]
[BlackElo "1703"]

1. d4 e6 2. Nf3 Nf6 3. Bg5 h6 4. Bh4 c5 5. c3 Be7 6. Nbd2 d5 7. e3 c4 8. Be2
Nbd7 9. O-O O-O 10. Ne5 Qc7 11. f4 a5 12. a4 Qb6 13. Qc2 Qc7 14. g4 b6 15. Bf3
Nb8 16. Kh1 Bd6 17. Rg1 1-0

[Event "Challenge"]
[Site "http://www.queenalice.com/game.php?id=1268856"]
[Date "2014.3.28"]
[Round "-"]
[White "azad_m"]
[Black "zana"]
[Result "0-1"]
[WhiteElo "1483"]
[BlackElo "1750"]

1. e4 e5 2. Nf3 Nc6 3. Nc3 Nf6 4. Bc4 Bc5 5. d3 d6 6. Bg5 h6 7. Bh4 g5 8. Bg3
Na5 9. h3 Nxc4 10. dxc4 Bb4 11. O-O Bxc3 12. bxc3 Nxe4 13. Qd3 Nxg3 14. fxg3 g4
15. Nh2 gxh3 16. gxh3 Bxh3 17. Rf2 Qe7 18. g4 Qh4 19. Qf3 O-O-O 20. Qf5+ Rd7 21.
Qf3 Rg8 22. Rb1 c6 23. Qf6 Qg3+ 24. Kh1 Rg6 25. Qf3 Qxf3+ 26. Rxf3 Bxg4 27. Nxg4
Rxg4 28. Rb4 b6 29. Rh3 Rg6 30. Rb1 f5 31. Kh2 f4 32. Re1 d5 33. cxd5 Rxd5 0-1

[Event "Challenge"]
[Site "http://www.queenalice.com/game.php?id=1268881"]
[Date "2014.3.29"]
[Round "-"]
[White "Hucorov"]
[Black "zana"]
[Result "1-0"]
[WhiteElo "1399"]
[BlackElo "1703"]

1. e4 e5 2. Nf3 Nc6 3. Bc4 Nh6 4. d4 f6 5. Nc3 b6 6. Bxh6 gxh6 7. Bd5 Qe7 8. Nb5
Qb4+ 9. Qd2 Qxb2 10. Rd1 Qxb5 11. c4 Qa4 12. O-O Rb8 13. Bxc6 Qxc4 14. Bd5 Qb5
15. Qc3 c6 16. Bc4 Qa5 17. Qb2 1-0

[Event "Let's Play Chess!"]
[Site "http://www.queenalice.com/game.php?id=1268900"]
[Date "2014.3.29"]
[Round "-"]
[White "Aldino"]
[Black "zana"]
[Result "0-1"]
[WhiteElo "2150"]
[BlackElo "1767"]

1. e4 e5 2. Nf3 Nc6 3. Nc3 Nf6 4. d3 d5 5. exd5 Nxd5 6. Nxd5 Qxd5 7. c4 Bb4+ 8.
Bd2 Qa5 9. a3 Bxd2+ 10. Nxd2 Qb6 11. b4 Nd4 12. Ne4 Qg6 13. Ng3 Bg4 14. f3 Bf5
15. Nxf5 Qxf5 16. Be2 O-O 17. O-O a5 18. b5 Rfe8 19. Rb1 c5 20. a4 b6 21. Qd2
Rad8 22. Rf2 Re6 23. Bf1 Rh6 24. Qe3 Re8 25. Qe4 Qf6 26. f4 Nf5 27. Rf3 Qh4 28.
Rh3 Qf6 29. Rxh6 Nxh6 30. Be2 Re6 31. Rf1 g6 32. g3 exf4 33. Qf3 g5 34. gxf4
gxf4 35. Qg2+ Kh8 36. h3 Qd4+ 37. Kh2 Qb2 38. Rf2 Rg6 39. Qe4 Qc1 40. Rf1 Qd2
41. Rd1 Qc2 42. Qe8+ Rg8 43. Qe5+ Rg7 44. Rg1 f6 45. Qe8+ Rg8 46. Rxg8+ Nxg8 47.
Kg2 Qxa4 48. Kf3 Qa1 49. Kxf4 Qd4+ 50. Kf5 Kg7 51. Qe4 Qd7+ 52. Qe6 Nh6+ 0-1

[Event "Challenge"]
[Site "http://www.queenalice.com/game.php?id=1269441"]
[Date "2014.3.31"]
[Round "-"]
[White "MarKo85"]
[Black "zana"]
[Result "1-0"]
[WhiteElo "1666"]
[BlackElo "1827"]

1. d4 d5 2. c4 e6 3. e3 Nf6 4. Nc3 Bb4 5. Bd2 O-O 6. Nf3 Ng4 7. Bd3 Qe7 8. O-O
c5 9. dxc5 Bxc5 10. b3 Nf6 11. Na4 Bb4 12. Bc1 Ng4 13. a3 Bd6 14. b4 Be5 15.
Nxe5 Nxe5 16. cxd5 exd5 17. Be2 Qf6 18. Qxd5 Nf3+ 19. Bxf3 Qxa1 20. Bb2 Qxf1+
21. Kxf1 Nd7 22. Nc5 Nxc5 23. Qxc5 h6 24. Be2 g6 25. Bd3 Rd8 26. Qc3 Kf8 27. Ke2
b6 28. f3 Ke8 29. Qe5+ Be6 30. Bb5+ Kf8 31. Qg7+ Ke7 32. Bf6+ Kd6 33. Bxd8 Kd5
34. Bf6 Rd8 35. Bxd8 1-0

[Event "Challenge"]
[Site "http://www.queenalice.com/game.php?id=1269449"]
[Date "2014.3.31"]
[Round "-"]
[White "zana"]
[Black "azad_m"]
[Result "0-1"]
[WhiteElo "1663"]
[BlackElo "1421"]

1. d4 d5 2. c4 e6 3. Qa4+ Nc6 4. Nf3 Bd7 5. Qb3 Rb8 6. e3 Nf6 7. Bd3 Bb4+ 8. Nc3
O-O 9. O-O b6 10. Qc2 Bd6 11. a4 a5 12. Ng5 g6 13. Qe2 Nb4 14. Bb1 dxc4 15. Qxc4
Nbd5 16. Nge4 Nxc3 17. Nxc3 Ng4 18. g3 Re8 19. Qd3 e5 20. Ne4 Bf5 21. Qc4 Be6
22. d5 Bc8 23. Nxd6 cxd6 24. b4 Nf6 25. b5 Bb7 26. e4 Rc8 27. Qe2 Rc7 28. f3 Qc8
29. Qe3 Rc3 30. Bd3 Nd7 31. Bb2 Rc7 32. f4 exf4 33. Qxf4 Ne5 34. Rad1 Rce7 35.
Qe3 Qc5 36. Qxc5 dxc5 37. Kg2 Nxd3 38. Rxd3 Rxe4 39. Rdf3 Bxd5 0-1

[Event "24"]
[Site "http://www.queenalice.com/game.php?id=1269466"]
[Date "2014.4.1"]
[Round "-"]
[White "zana"]
[Black "Apatride"]
[Result "0-1"]
[WhiteElo "1750"]
[BlackElo "2523"]

1. d4 c5 2. Nf3 cxd4 3. Qxd4 Nc6 4. Qc3 Nf6 5. Qc4 d5 6. Qd3 e5 7. Qd1 Bf5 8. c3
Bc5 9. e3 Qc7 10. Bb5 a6 11. Ba4 O-O 12. O-O Rad8 13. b4 Bd6 14. a3 e4 15. Nd4
Nxd4 16. cxd4 Bxh2+ 17. Kh1 Ng4 18. Ra2 Qd6 19. Rc2 Bg1 20. g3 Qh6+ 21. Kxg1
Qh2# 0-1

[Event "Challenge"]
[Site "http://www.queenalice.com/game.php?id=1269801"]
[Date "2014.4.2"]
[Round "-"]
[White "Apatride"]
[Black "zana"]
[Result "1-0"]
[WhiteElo "2524"]
[BlackElo "1854"]

1. Nf3 d5 2. c4 d4 3. g3 g6 4. Bg2 Bg7 5. d3 e5 6. O-O Ne7 7. b4 O-O 8. Nbd2 a5
9. b5 c5 10. Rb1 Qd6 11. a4 f5 12. Re1 Nd7 13. Qc2 Rd8 14. e3 dxe3 15. Rxe3 h6
16. Ba3 g5 17. Nb3 g4 18. Nxe5 Bxe5 19. d4 Bxd4 20. Rd1 f4 21. Rxd4 Qg6 22. Be4
Qg7 23. Bh7+ Kh8 24. Rxf4 Nf6 25. Rxf6 Bf5 26. Bxf5 Qxf6 27. Bb2 Rd4 28. Rxe7
Qxe7 29. Nxd4 cxd4 30. Qd2 Rd8 31. Qxh6+ Kg8 32. Be6+ 1-0

[Event "Let's Play Chess!"]
[Site "http://www.queenalice.com/game.php?id=1269815"]
[Date "2014.4.2"]
[Round "-"]
[White "GiovaniB10"]
[Black "zana"]
[Result "1-0"]
[WhiteElo "1773"]
[BlackElo "1790"]

1. e4 c5 2. Bc4 e6 3. d3 d5 4. exd5 exd5 5. Qe2+ Be7 6. Bb3 b5 7. Qe5 Nf6 8. Bg5
Nc6 9. Qe3 O-O 10. c4 Re8 11. Ne2 Nd4 12. cxd5 Nxe2 13. d6 Qxd6 14. Qxe2 Qd7 15.
O-O Bd6 16. Qf3 Bb7 17. Qh3 Qc6 18. Bxf6 c4 19. Bc2 gxf6 20. dxc4 1-0

[Event "AUTO-OPEN-3225"]
[Site "http://www.queenalice.com/game.php?id=1269831"]
[Date "2014.4.2"]
[Round "1"]
[White "zana"]
[Black "Marcelo_Smilov"]
[Result "0-1"]
[WhiteElo "1854"]
[BlackElo "2076"]

1. d4 e6 2. c4 d5 3. Nc3 Bb4 4. e3 Nf6 5. Qa4+ Nc6 6. c5 Bxc3+ 7. bxc3 Bd7 8.
Qb3 b6 9. Ba3 O-O 10. Be2 Rb8 11. Qc2 Re8 12. Nh3 h6 13. Nf4 e5 14. Nh5 Nxh5 15.
Bxh5 exd4 16. cxd4 Nxd4 17. Qd3 Qh4 18. Bd1 Bb5 19. Qc3 a5 20. g3 Qf6 21. Rc1
Nf3+ 22. Bxf3 Qxf3 0-1

[Event "AUTO-OPEN-3225"]
[Site "http://www.queenalice.com/game.php?id=1269832"]
[Date "2014.4.2"]
[Round "1"]
[White "Marcelo_Smilov"]
[Black "zana"]
[Result "1-0"]
[WhiteElo "2083"]
[BlackElo "1839"]

1. d4 d5 2. c4 c6 3. Nc3 dxc4 4. e4 e6 5. Bxc4 Qb6 6. Nf3 a5 7. O-O Be7 8. Be3
Qxb2 9. Qb3 Qxb3 10. Bxb3 b5 11. Rfc1 a4 12. Nxb5 Ra5 13. Ne5 axb3 14. Nc7+ Kf8
15. axb3 Rxa1 16. Rxa1 Bd6 17. Na8 g6 18. Nb6 Ba6 19. Ned7+ Nxd7 20. Nxd7+ Ke7
21. Rxa6 Kxd7 22. Ra8 Kc7 23. Bh6 Nxh6 24. Rxh8 Ng4 25. Rxh7 Bxh2+ 26. Kf1 1-0

[Event "AUTO-OPEN-3225"]
[Site "http://www.queenalice.com/game.php?id=1269833"]
[Date "2014.4.2"]
[Round "1"]
[White "zana"]
[Black "jarkus"]
[Result "0-1"]
[WhiteElo "1737"]
[BlackElo "1732"]

1. c4 e5 2. Nc3 c6 3. e4 d6 4. Qa4 Bd7 5. Nf3 Nf6 6. c5 dxc5 7. Nxe5 Bd6 8. Nf3
Bc7 9. d4 cxd4 10. Qxd4 O-O 11. Bd3 Bb6 12. Qb4 Bg4 13. Be2 Re8 14. e5 Nfd7 15.
Qxg4 Nxe5 16. Qg3 Nbd7 17. O-O Bc7 18. Nxe5 Bxe5 19. Qg4 Nf6 20. Qb4 Bxc3 21.
Qxc3 Rxe2 0-1

[Event "AUTO-OPEN-3225"]
[Site "http://www.queenalice.com/game.php?id=1269834"]
[Date "2014.4.2"]
[Round "1"]
[White "jarkus"]
[Black "zana"]
[Result "1-0"]
[WhiteElo "1714"]
[BlackElo "1764"]

1. e4 c5 2. Nf3 d6 3. d4 Nd7 4. Bb5 e6 5. dxc5 dxc5 6. O-O b6 7. Bg5 Be7 8. Bf4
Bf6 9. c3 a6 10. Bc6 Ra7 11. Nbd2 Bb7 12. Bxb7 Rxb7 13. Re1 Nh6 14. h3 b5 15. e5
Be7 16. b3 Nb6 17. Ne4 Rd7 18. Qc2 Nd5 19. Bg3 Nf5 20. Bh2 O-O 21. Rad1 Nfe3 22.
fxe3 1-0

[Event "AUTO-OPEN-3225"]
[Site "http://www.queenalice.com/game.php?id=1269835"]
[Date "2014.4.2"]
[Round "1"]
[White "zana"]
[Black "rpalmero"]
[Result "0-1"]
[WhiteElo "1715"]
[BlackElo "1992"]

1. d4 Nf6 2. Nf3 e6 3. c4 c5 4. d5 exd5 5. cxd5 d6 6. Na3 Bf5 7. e3 Nbd7 8. Ng5
h6 9. Nf3 a6 10. Nh4 Be4 11. Nc4 b5 12. Na5 Qxa5+ 13. Bd2 Qb6 14. a4 b4 15. Qb3
Bxd5 16. Qd3 Ne5 17. Qf5 Be4 18. Qh3 Be7 19. b3 Bd5 20. Nf5 Bxb3 21. Nxg7+ Kf8
22. Nf5 Be6 23. Rb1 Ne4 24. Qh5 Nf6 0-1

[Event "AUTO-OPEN-3225"]
[Site "http://www.queenalice.com/game.php?id=1269836"]
[Date "2014.4.2"]
[Round "1"]
[White "rpalmero"]
[Black "zana"]
[Result "1-0"]
[WhiteElo "1997"]
[BlackElo "1708"]

1. c4 Nf6 2. e3 e5 3. Nc3 Nc6 4. a3 d5 5. cxd5 Nxd5 6. Qc2 Nf6 7. Nf3 Bd6 8. b4
O-O 9. Bc4 a5 10. b5 Ne7 11. Bb2 b6 12. h3 c5 13. O-O Qe8 14. Ne4 Nxe4 15. Qxe4
Bf5 16. Qh4 Ng6 17. Qg5 Be4 18. d3 Bxf3 19. gxf3 Qc8 20. Kh1 e4 21. Kg2 exf3+
22. Kxf3 Be7 23. Qg4 Qb7+ 24. Ke2 1-0

[Event "Challenge"]
[Site "http://www.queenalice.com/game.php?id=1270685"]
[Date "2014.4.5"]
[Round "-"]
[White "zana"]
[Black "Apatride"]
[Result "0-1"]
[WhiteElo "1827"]
[BlackElo "2538"]

1. Nf3 d5 2. d4 Nf6 3. c4 e6 4. e3 c5 5. Bd3 a6 6. cxd5 exd5 7. O-O c4 8. Be2
Nc6 9. b3 b5 10. Ne5 Qc7 11. Nxc6 Qxc6 12. bxc4 bxc4 13. Nc3 Bf5 14. g4 Bg6 15.
g5 Bb4 16. Bd2 Bxc3 17. Bxc3 Ne4 18. Bb4 a5 19. Be1 O-O 20. f3 Nxg5 21. Rc1 Qe6
22. Qd2 Nh3+ 23. Kh1 Rae8 24. e4 dxe4 25. Bxc4 Qf6 26. Be2 Nf4 27. Bb5 e3 28.
Qc3 Qf5 29. Bg3 e2 30. Rf2 Rc8 31. Qe1 Rxc1 32. Qxc1 Rc8 33. Qe1 Qxb5 34. Bxf4
Rc2 35. Rg2 Qd3 36. Qxa5 h6 37. Rf2 Be4 38. Qe1 Bxf3+ 39. Rxf3 Qxf3+ 40. Kg1
Qxf4 41. Kg2 f5 42. a4 Qh4 43. Qxh4 e1=Q+ 44. Kh3 Qf1+ 45. Kg3 Rc3# 0-1